000 01367nam a22002777a 4500
005 20170124103132.0
010 _aB-298658
020 _c150.00
_a8187779780
035 _aB-298658
037 _bCen Lib/Ret
040 _aDPL
_bHN
082 _a363.7288
_bसिंहएस
100 _aसिंह, एस. पी
_973
245 _aइलेक्ट्रॉनिक अपशिष्ट प्रबंधन /
_cएस. पी सिंह [और] नीलम सिंह
246 _aElectronic apshisht prabandhan /
_bby S. P. Singh [aur] Neelam Singh
260 _aनई दिल्ली
_bअनुराग प्रकाशन
_c2007
270 _a4760-61, द्वितीय तल, 23, अंसारी रोड, दरियागंज
_bनई दिल्ली
_e110002
300 _a127पृ. :
_c21सेमी(सजिल्द)
_bसचित्र
500 _aअनुक्रमणिका शामिल
650 _aइलेक्ट्रॉनिक उपकरण
_95068
650 _aइलेक्ट्रॉनिक अपशिष्ट प्रबंध
_984323
650 _aElectronic equipment
_984324
650 _aElectronic Waste Management
_984325
700 _aसिंह, नीलम
_984326
942 _2ddc
_cHN
_h363.7288
_mसिंहएस
999 _c119316
_d119316